000
00222nam a22000857a 4500
008
170125b xxu||||| |||| 00| 0 eng d
100
_9
2571
_a
Gupta.S.K.etal.
245
_a
General Knowledge-3
260
_a
New delhi
_b
S. Chand
_c
2010
999
_c
5695
_d
5695